Serenidad / [por] Martín Heidegger ; tr. por Yves Zimmermann

Salvato in:
Dettagli Bibliografici
Autore principale: Heidegger, Martin (autor)
Natura: Libro
Serie:Odos ; 2
Soggetti:
Tags: Aggiungi Tag
Nessun Tag, puoi essere il primo ad aggiungerne!!

MARC

LEADER 00000nam^a2200000^u^4500
001 000538602
005 20250717151306.0
008 060220s1000^^^^^^^^^^^^r^^^^^000^0^spa^d
009 20260310131123.954
035 |a FMI 000005324 
037 |a Acervo Xavier Clavigero 
096 |a 6.3/7/C 
100 |a Heidegger, Martin  |e (autor) 
245 1 0 |a Serenidad / [por] Martín Heidegger ; tr. por Yves Zimmermann 
264 |a Barcelona : Serbal Duitart 45, 1989 
300 |a 86 p. 
336 |a texto  |b txt  |2 rdacontenido 
337 |a sin mediación  |b n  |2 rdamedio 
338 |a volumen  |b nc  |2 rdasoporte 
440 0 |a Odos ; 2 
597 |a Trad. del alemán ("Gelassenheit verlag Günther neske, pfullingen 1959"). 
649 |a XX 
650 |a METAFISICA 
910 |a Fondo Francisco Migoya Covarrubias S.J. 
920 |a Impresos - Libros 
930 |a Fondos Especiales 
905 |a 134 
901 |a SBC10046  |b IT2  |c ESP  |u 20250521 
902 |a https://opac.biblio.iteso.mx/vufind/Record/000538602